000 01051nam a2200301 i 4500
003 DO-SdBNP
005 20231031131218.0
007 ta
008 231030b2023 dr a|||| |||| 00| 0 spa d
020 _a9789945222739
040 _aDO-SdBNP
_bspa
_cBNPHU
_erda
082 4 _aRD861.5
_bP592s
_222
100 1 _aPichardo, Marilin,
_eautora
_984546
245 1 0 _aSudor de Ángel
_cMarilin Pichardo ; cuidado de edición Pablo Reyes, Geraldo Castillo
264 _aSanto Domingo :
_bBúho,
_c2023.
300 _a93 páginas :
_bilustraciones,
_c22 cm.
336 _2rdacontent
_atexto
_btxt
337 _2rdamedia
_asin mediación
_bn
338 _2rdacarrier
_avolumen
_bnc
500 _aIncluye datos biográficos de la autora en las solapas
590 _aInventariado, 2023/BT
650 4 _aPoesía dominicana
650 4 _aLiteratura dominicana
700 _aReyes, Pablo,
_ecorrección y edición
_937953
700 1 _aCastillo, Gerardo,
_ecorrección y edición
_983619
910 _aBtavárez/Validado. Control de calidad MFF
942 _2ddc
_cLBS1
999 _c55327
_d55327